000 005000000a22001810004500
003 MACL
005 20211204153949.0
008 151011b xxu||||| |||| 00| 0 eng d
040 _aMACL
_cMACL
041 _aEnglish
082 _a920/CHO
100 _aChoudhary, Valmiki
_914496
245 _aDr Rajendra Prasad Correspondence and Select Documents vol. 16
_bPresidency period
260 _bAllied Publishers
_c1992
_aNew Delhi
350 _a300
650 _aBiography
_914506
942 _cBK
_k920
_2ddc
999 _c8922
_d8922